00330nam a2200121Ia 4500008004100000020002200041041001200063100001800075245006200093260003000155300000800185650001500193221220s9999 xx 000 0 und d a978-1-250-79209-9 aEnglish aA. C. Redding 0aElon Musk - A Mission to Save the Worldcby A. C. Redding bMacmillanaNew Yorkc2019 a245 aManagement